Functions and impact of the ‘violence against the police’ discourse on german police culture (Record no. 20129)
[ view plain ]
| 000 -CABECERA | |
|---|---|
| campo de control de longitud fija | 01422nab a22001937a 4500 |
| 003 - IDENTIFICADOR DEL NÚMERO DE CONTROL | |
| campo de control | ES-MaBCA |
| 005 - FECHA Y HORA DE LA ÚLTIMA TRANSACCIÓN | |
| campo de control | 20171010121837.0 |
| 008 - CÓDIGOS DE INFORMACIÓN DE LONGITUD FIJA | |
| campo de control de longitud fija | 120330t xxu||||| |||| 00| 0 eng d |
| 022 ## - NÚMERO INTERNACIONAL NORMALIZADO PARA PUBLICACIONES SERIADAS | |
| Fuente | ISSN |
| Número Internacional Normalizado para Publicaciones Seriadas | 1831-1857 |
| 040 ## - FUENTE DE LA CATALOGACIÓN | |
| Centro catalogador de origen | ES-MaBCA |
| Centro transcriptor | ES-MaBCA |
| 100 ## - PUNTO DE ACCESO PRINCIPAL - NOMBRE DE PERSONA | |
| 9 (RLIN) | 14935 |
| Nombre de persona | Behr, Rafael |
| 245 ## - MENCIÓN DE TÍTULO | |
| Título | Functions and impact of the ‘violence against the police’ discourse on german police culture |
| Medio | [Recurso electrónico] PDF |
| 520 ## - SUMARIO, ETC. | |
| Sumario etc. | The background of the violence against the police debate is an estrangement between police and society. Furthermore the police have not enough professional knowledge on how to deal with people in exhausted conditions respectively in social and/or economic poverty apart from using force. Though, since they are not familiar with the sub-cultural rules of live and communication, it makes it difficult for them to handle the part of the population which is troubled. The second important effect of this development is that, in the shadow of the ‘violence-against-police’ debate, violent acts committed by police officers apparently seem to grow. |
| 650 #0 - PUNTO DE ACCESO ADICIONAL DE MATERIA--TÉRMINO DE MATERIA | |
| 9 (RLIN) | 1179 |
| Término de materia o nombre geográfico como elemento inicial | Actuaciones policiales |
| 650 #0 - PUNTO DE ACCESO ADICIONAL DE MATERIA--TÉRMINO DE MATERIA | |
| 9 (RLIN) | 12411 |
| Término de materia o nombre geográfico como elemento inicial | Estrategia militar |
| 773 0# - ENLACE AL DOCUMENTO FUENTE | |
| Encabezamiento principal | European Police Science and Research Bulletin |
| Parte(s) relacionada(s) | . -- Special Conference Edition Nr. 1 p. 44-47 |
| Información sobre la relación | En : |
| Número de control del registro relacionado | 4910 |
| Número Internacional Normalizado para Publicaciones Seriadas (ISSN) | 1831-1857 |
| 856 4# - LOCALIZACIÓN Y ACCESO ELECTRÓNICOS | |
| Identificador Uniforme del Recurso (URI) | <a href="https://www.cepol.europa.eu/sites/default/files/science-research-bulletin-2013-conference.pdf">https://www.cepol.europa.eu/sites/default/files/science-research-bulletin-2013-conference.pdf</a> |
| 942 ## - ELEMENTOS DE PUNTO DE ACCESO ADICIONAL (KOHA) | |
| Fuente del sistema de clasificación o colocación | Universal Decimal Classification |
| Tipo de ítem Koha | Analíticas |
| Estado de retiro | Estado de pérdida | Fuente del sistema de clasificación o colocación | Estado dañado | No para préstamo | Código de colección | Localización permanente | Ubicación/localización actual | Fecha de adquisición | Total de préstamos | Código de barras | Fecha visto por última vez | Precio válido a partir de | Tipo de ítem Koha |
|---|---|---|---|---|---|---|---|---|---|---|---|---|---|
| Universal Decimal Classification | Biblioteca Digital | Centro de Análisis y Prospectiva de la Guardia Civil | Centro de Análisis y Prospectiva de la Guardia Civil | 10/10/2017 | 2018561 | 10/10/2017 | 10/10/2017 | Analíticas |
